000 00695nam a2200229 u 4500
005 20221026063452.0
008 181011s2000 ag r 000 0 spa d
020 _a950724218X
035 _aUPN01000227195
049 _aI
050 4 _aRG525.5
_bM4.2
100 1 _aMeredith, Susan
_935953
245 1 1 _a¿De dónde vienen los bebés? /
_cSusan Meredith ; il. Sue Stitt ; tr. Sandra Buratti.
260 _aBuenos Aires :
_bLumen,
_cc2000.
300 _a23 p. :
_bil. col.
440 0 _aPrimeros pasos en la ciencia
650 4 _aEMBARAZO -
_vLITERATURA INFANTIL
_916051
650 4 _aNIÑOS RECIEN NACIDOS
_915579
650 2 _aInfantes
_97936
905 _aInfantil
999 _c199291
_d199291